LEADER 01282nas 2200421 c 450 001 9910893331703321 005 20260218111059.0 011 $a2365-5267 024 7 $aurn:nbn:de:bsz:16-diglit-192354 035 $a(CKB)5280000000195051 035 $a(OCoLC)862854592 035 $a(DE-101)1038878241 035 $a(DE-599)ZDB2731683-X 035 $a(DE-599)2731683-X 035 $a(EXLCZ)995280000000195051 100 $a20130830b18441847 |y | 101 0 $ager 135 $aur||||||||||| 181 $ctxt$2rdacontent 182 $cc$2rdamedia 183 $acr$2rdacarrier 200 00$aJahrbuch der Baukunst und Bauwissenschaft in Deutschland 210 31$aEisleben$d1844-1847 215 $aOnline-Ressource 606 $aArchitektur$3(DE-588)4002851-3$3https://d-nb.info/gnd/4002851-3$3(DE-101)040028518$2gnd 606 $aJahrbuch$3(DE-588)4162677-1$3https://d-nb.info/gnd/4162677-1$3(DE-101)04162677X$2gnd 608 $aZeitschrift$2gnd-content 615 7$aArchitektur. 615 7$aJahrbuch. 676 $a690 686 $a9,10$2ssgn 801 0$b0016 801 1$bDE-101 801 2$b9999 906 $aJOURNAL 912 $a9910893331703321 996 $aJahrbuch der Baukunst und Bauwissenschaft in Deutschland$94229728 997 $aUNINA